Historia de Galicia / (Registro nro. 160413)

Detalles MARC
000 -LEADER
campo de control de longitud fija 01207nam a2200253 i 4500
001 - NÚMERO DE CONTROL
campo de control 160413
003 - IDENTIFICADOR DE NÚMERO DE CONTROL
campo de control ES-MaACL
005 - FECHA Y HORA DE LA ÚLTIMA TRANSACCIÓN
campo de control 20230906212028.0
008 - DATOS DE LONGITUD FIJA--INFORMACIÓN GENERAL
campo de control de longitud fija 950206m19011906sp a |||| | spa d
040 ## - FUENTE DE CATALOGACIÓN
Centro catalogador/agencia de origen GA
Lengua de catalogación spa
Centro/agencia transcriptor CCPB | PA2
100 1# - ENTRADA PRINCIPAL--NOMBRE DE PERSONA
Nombre de persona Murguía, Manuel.
9 (RLIN) 84577
245 10 - MENCIÓN DEL TÍTULO
Título Historia de Galicia /
Mención de responsabilidad, etc. por Manuel Murguía.
250 ## - MENCION DE EDICION
Mención de edición 2ª ed.
260 ## - PUBLICACIÓN, DISTRIBUCIÓN, ETC.
Lugar de publicación, distribución, etc. La Coruña :
Nombre del editor, distribuidor, etc. Libreria de don Eugenio Carré,
Fecha de publicación, distribución, etc. 1901-1906 (
Fabricante Fotogb. e Imp. de V. de Ferrer e Hijo)
300 ## - DESCRIPCIÓN FÍSICA
Extensión 2 v. (XXXIII, 702, [8] h. de lám. ; 688, [7] h. de lám., [1] h. pleg. :
Otras características físicas il. ;
Dimensiones 23 cm.
530 ## - NOTA DISPONIBLE DE FORMULARIO FÍSICO ADICIONAL
Nota de formato físico adicional disponible Disponible tambien en sitio web.
594 #1 - Nota al título y mención de responsabilidad
Nota al título y mención de responsabilidad En las ports.: Impresa a costa de "El Centro Gallego" de La Habana.
596 #1 - NOTA AL PIE DE IMPRENTA
NOTA AL PIE DE IMPRENTA Pie de imp. de t. II : Fotogb. e Imp. de Pedro Ferrer, 1905.
651 #4 - PUNTO DE ACCESO ADICIONAL DE MATERIA--NOMBRE GEOGRÁFICO
Nombre geográfico Galicia-
Subdivisión general Historia.
9 (RLIN) 8728
710 2# - ENTRADA AGREGADA--NOMBRE DE ENTIDAD CORPORATIVA
Nombre de entidad corporativa o nombre de jurisdicción como elemento de entrada Centro Gallego de La Habana.
9 (RLIN) 134238
852 ## - LOCALIZACIÓN
Ubicación ES-MaACL
Número de control de estantería G-8490-91
Nota libre -- Enc. hol.
856 ## - LOCALIZACIÓN Y ACCESO ELECTRÓNICOS
Identificador Uniforme de Recursos <a href="http://bibliotecadigitalhispanica.bne.es:80/webclient/DeliveryManager?pid=3787066&custom_att_2=simple_viewer">http://bibliotecadigitalhispanica.bne.es:80/webclient/DeliveryManager?pid=3787066&custom_att_2=simple_viewer</a>
Nota pública Ir a la página
856 ## - LOCALIZACIÓN Y ACCESO ELECTRÓNICOS
Identificador Uniforme de Recursos <a href="http://bibliotecadigitalhispanica.bne.es:80/webclient/DeliveryManager?pid=3787067&custom_att_2=simple_viewer">http://bibliotecadigitalhispanica.bne.es:80/webclient/DeliveryManager?pid=3787067&custom_att_2=simple_viewer</a>
Nota pública Ir a la página
Existencias
Estatus retirado Estado de pérdida Estado de daño No para préstamo Colección Biblioteca de origen Biblioteca actual Ubicación en estantería Fecha de adquisición Fuente de adquisición Total de préstamos Signatura topográfica completa Código de barras Visto por última vez Precio de reemplazo Tipo de ítem Koha
        Colección digital Biblioteca del Ateneo de Madrid Biblioteca del Ateneo de Madrid Sala Pecera Planta 3 17/01/2008     G-8490-8491 1167965 23/02/2023 23/02/2023 Libro impreso antiguo